000 01316nam a2200337 c 4500
003 BLK
005 20230802005210.0
008 180410b bul|||||r ||||||| ||bul||
010 _aKNG00170664000
040 _aBLK
041 _aBUL
_cBUL
080 _aБългарска литература
_b821.163.2
_x-1
_z821.163.2-1
080 _aБългарска литература
_b821.163.2
_x-93-1
_z821.163.2-93-1
100 1 _aВазов, Иван Минчов
_eпърви автор
_9363396
700 _aЦанева, Милена Георгиева
_9363501
139 _aВазов, Иван Минчов
_bВ 15
245 1 0 _aИзбрани стихотворения
_cИван Минчов Вазов; предг. от Милена Георгиева Цанева.
250 _a2. изд.
257 _aBGR
260 София
_bБълг. писател
_c1963
300 _a219 с.
_c25 см
380 _aX
490 1 _aБиблиотека за ученика
500 _a1. изд. 1960. - 20 100 тир.
852 _aЦб 24841
856 4 _qpdf
_u
856 4 _qpdf
_u
942 _cKNG
_n0
944 _aCR
_c31.01.2015
_lCRON CRON
_k
944 _aED
_c31.01.2015
_l31.01.2015 - от С1,Р / 31.01.2015
_k
999 _c163259
_d163259